000 00727nam a22002297a 4500
005 20260120121212.0
010 _aENG-147547 ENG-147550
020 _a9789357319591
_c499.00
020 _a9789357316149
_c699.00
035 _aEN-131082
035 _aEN-131079
037 _bDBAD
082 _a881
_21
245 _aAlfaaz ki Mehfil:
_bAn Anthology of Urdu Poetry/
_cEdited By Satya Prabhakar
250 _a1
260 _aGurugram
_bHachette Book Publishing Pvt. Ltd.
_c2025
270 _a4th&5th Floors, Corporate Centre Plot No. 94, Sector 44,
_bGurugram
_e122003
300 _a262p.
_c20cm(hb)(pb)
700 _aPrabhakar, Satya
_eEditor
_986623
760 _b1
942 _2ddc
_cEN
_h881
_mALF
_e1
999 _c214299
_d214299